|
|
|
|
| LEADER |
00000cam a2200000 7i4500 |
| 001 |
0000006974 |
| 005 |
20151222.0 |
| 008 |
070828 |
| 020 |
|
|
|a 9831280512
|
| 090 |
0 |
0 |
|a SC
|b ENG
|
| 245 |
1 |
0 |
|a Electricity
|
| 260 |
|
|
|a Kuala Lumpur :
|b Edaran Kemajuan ,
|c 2004
|
| 300 |
|
|
|a 21 projects
|
| 440 |
|
|
|a Young scientist
|
| 500 |
|
|
|a Children ages 10-12 years old (pink)
|
| 650 |
|
0 |
|a Junior fiction
|x English
|x Languages
|
| 650 |
|
0 |
|a Science
|
| 999 |
|
|
|a 0000898788
|b Book
|c Children Collection
|e Cawangan Tangkak
|
| 999 |
|
|
|a 0000988108
|b Book
|c Children Collection
|e Cawangan Bandar Tenggara
|
| 999 |
|
|
|a 0000988109
|b Book
|c Children Collection
|e Cawangan Tmn. Ungku Tun Aminah
|
| 999 |
|
|
|a 0000988110
|b Book
|c Children Collection
|e Cawangan Bandar Tenggara
|
| 999 |
|
|
|a 0000988111
|b Book
|c Children Collection
|e Cawangan Segamat
|
| 999 |
|
|
|a 0001080615
|b Book
|c Children Collection
|e Cawangan Bandar Penawar
|
| 999 |
|
|
|a 0001080621
|b Book
|c Children Collection
|e Cawangan Segamat
|
| 999 |
|
|
|a 000898784
|b Book
|c Children Collection
|e Cawangan Batu Pahat
|
| 999 |
|
|
|a 000898785
|b Book
|c Children Collection
|e Cawangan Batu Pahat
|